000 00351nam a2200145Ia 4500
008 230917s9999||||xx |||||||||||||| ||und||
040 _e57320
_aMAIN
041 _aEnglish
082 _a824.09 W883M
100 _aWoolf, Virginia
245 0 _aMoment and other essays
260 _aLondon
_bThe Hogarth Press
_c1964
300 _a191 p.
942 _cBK
999 _c80303
_d80303